Unequally yoked wives. (Record no. 14643)

000 -LEADER
fixed length control field 00684nam a2200217 a 4500
001 - CONTROL NUMBER
control field :::00012476$&:&@@
003 - CONTROL NUMBER IDENTIFIER
control field OkBaRHE
005 - DATE AND TIME OF LATEST TRANSACTION
control field 20000607103419.0
008 - FIXED-LENGTH DATA ELEMENTS--GENERAL INFORMATION
fixed length control field s1979 j 000 0 eng u
040 ## - CATALOGING SOURCE
Transcribing agency
100 1# - MAIN ENTRY--PERSONAL NAME
Personal name Lovett, C. S. (Cummings Samuel), 1917-
245 10 - TITLE STATEMENT
Title Unequally yoked wives.
260 ## - PUBLICATION, DISTRIBUTION, ETC. (IMPRINT)
Place of publication, distribution, etc Baldwin Park, CA., :
Name of publisher, distributor, etc Personal Christianity
Date of publication, distribution, etc 1979
300 ## - PHYSICAL DESCRIPTION
Extent 160 p. : illus. ;
Dimensions 21 cm.
650 ## - SUBJECT ADDED ENTRY--TOPICAL TERM
Topical term or geographic name as entry element Church Work with Families
650 ## - SUBJECT ADDED ENTRY--TOPICAL TERM
Topical term or geographic name as entry element Conversion
General subdivision Popular Works
650 ## - SUBJECT ADDED ENTRY--TOPICAL TERM
Topical term or geographic name as entry element Evangelistic Work
650 ## - SUBJECT ADDED ENTRY--TOPICAL TERM
Topical term or geographic name as entry element Husband and Wife
942 ## - ADDED ENTRY ELEMENTS (KOHA)
Source of classification or shelving scheme
Koha item type Books
Copies
Source of classification or shelving scheme Date acquired Lost status Copy number Barcode Withdrawn status Date last seen Koha item type Not for loan Damaged status Permanent Location Full call number Shelving location Price effective from
 2010-04-14 112476 2010-04-14Books  RHEMA Bible Training CollegeHQ 734 .L6General Stacks2010-04-14